000 00567nam a2200229Ia 4500
003 OSt
005 20221007111625.0
006 a|||||r|||| 00| 0
007 ta
008 221006b |||||||| |||| 00| 0 eng d
024 _a23,936
037 _cTextual
040 _aLCO
_cLCO
_beng
041 _2eng
_aeng
100 _aDokania S.
_9708422
245 0 _aAfter Assessment Proceedings in Taxation
260 _aCalcutta
_bEastern Law House India
_c1980
300 _a606
650 _aTAX
942 _cTEXL
999 _c1193499
_d1193499